000 00780nam a2200217 i 4500
001 100072
003 ES-MaACL
005 20250915063042.0
007 t|
008 050921s1961 sp ||||1| spa d
100 1 _aMartínez Val, José María,
_d1916-
_978455
245 1 3 _aEl Beato Juan Bautista de la Concepción y la Reforma de la Orden Trinitaria /
_cJose María Martínez Val.
260 _aCiudad Real :
_bInstituto de Estudios Manchegos,
_c1961.
300 _a20 p. ;
_c24 cm.
600 0 4 _aJuan Bautista de la Concepción,
_cSanto,
_d1561-1613
_967102
610 0 4 _aTrinitarios-
_vHistoria.
_96990
710 2 _aInstituto de Estudios Manchegos.
_94919
852 _aES-MaACL
_j2022-F-2
_bR.48289
852 _aES-MaACL
_j1943-F-16
_bR.50964
999 _c100072
_d100072